00665naa a2200217 a 450000100080000000500110000800800410001910000190006024501270007926000090020665300100021565300200022565300130024565300220025865300130028065300180029370000180031170000220032970000220035177300740037310602042008-06-30 2008 bl uuuu u00u1 u #d1 aMATZENAUER, R. aEfeitos do fenomeno Enos sobre a evapotranspiracao de referencia na regiao do Planalto Medio do Rio Grande do Sul, Brasil. c2008 aClima aConsumo de agua aEl Ni??o aEvapotranspiracao aLa Ni??a aSul do Brasil1 aBERLATO, M.A.1 aSAMPAIO, M.dos R.1 aTRINDADE, J.K.da. tPesquisa Agropecuaria Gaucha, Porto Alegregv.14, n.1, p.67-70, 2008.